Modern-Day Muslim Countries of the French Colonial Empire - Statistics

General Stats
  • This quiz has been taken 25 times
  • The average score is 13 of 16
Answer Stats
Countries % Correct
Algeria
100%
Tunisia
100%
Morocco
96%
Niger
96%
Chad
91%
Lebanon
87%
Mali
87%
Mauritania
87%
Senegal
87%
Syria
87%
Guinea
83%
Burkina Faso
78%
Comoros
74%
Djibouti
65%
Nigeria
30%
Turkey
30%
No matching quizzes found
Score Distribution
Percent of People with Each Score
Percentile by Number Answered
Your Score History
You have not taken this quiz